| 000 | 01248cam a22003371 4500 | ||
|---|---|---|---|
| 999 |
_c13191 _d13191 |
||
| 001 | 1227417 | ||
| 003 | EG-ScBUE | ||
| 005 | 20210517102544.0 | ||
| 008 | 740610s1967 nyu f b 001 0beng d | ||
| 040 |
_aDLC _beng _erda _cDLC _dDLC _dEG-ScBUE |
||
| 082 | 0 | 4 |
_a818.5209 _bOCO _222 |
| 100 | 1 |
_aO'Connor, Richard, _d1915-1975, _eauthor. _910601 |
|
| 245 | 1 | 4 |
_aThe lost revolutionary : _ba biography of John Reed / _cRichard O'Connor, Dale L. Walker. |
| 250 | _aFirst edition. | ||
| 264 | 1 |
_aNew York : _bHarcourt, Brace World, Inc., _c1967. |
|
| 300 |
_a328 pages ; _c22 cm |
||
| 336 |
_2rdacontent _atext _btxt |
||
| 337 |
_2rdamedia _aunmediated _bn |
||
| 338 |
_2rdacarrier _avolume _bnc |
||
| 504 | _aIncludes bibliographical references and index. | ||
| 600 | 1 | 0 |
_aReed, John, _d1887-1920. _910602 |
| 650 | 7 |
_aBohemianism _zUnited States _xHistory _y20th century. _2BUEsh _910603 |
|
| 650 | 7 |
_aRevolutionaries _zUnited States _xBiography. _2BUEsh _910604 |
|
| 650 | 7 |
_aJournalists _zUnited States _xBiography. _2BUEsh _910605 |
|
| 650 | 7 |
_aCommunists _zUnited States _xBiography. _2BUEsh _910606 |
|
| 651 | _2BUEsh | ||
| 653 |
_bHHUUEENN _cMay2021 |
||
| 655 |
_vReading book _934232 |
||
| 700 | 1 |
_aWalker, Dale L., _ejoint author. _910607 |
|
| 942 |
_2ddc _cBB |
||